000
00291nam a22001337a 4500
008
181022b xxu||||| |||| 00| 0 eng d
020
_a
9780670033959
041
_a
eng
080
_a
530
100
_a
43
101
_a
FIZ
245
_a
Hiding in the Mirror
_c
Krauss,L.M
942
_2
udc
_c
BK
999
_c
50464
_d
50464